000
00246nam a22001097a 4500
082
_a
621.31913 LOP'D
100
_a
LOPER, D. E
_9
75929
245
_a
DIRECT CURRENT FUNDAMENTALS
260
_a
NEWYORK
_b
DELMAR
_c
1978
300
_a
372P
942
_c
BK
999
_c
581337
_d
581337